Stolice państw po zdjęciach #3 - Statystyki

Ogólne statystyki
  • Ten quiz został rozwiązany 19 razy
  • Średni wynik to 4 z 8
Statystyki odpowiedzi
Obrazkowy Odpowiedź % Poprawnych
Madryt
100%
Ateny
95%
Buenos Aires
42%
Bangkok
37%
Nowe Delhi
32%
Meksyk
21%
Dżakarta
16%
Lima
11%
Nie znaleziono quizów pasujących do podanych kryteriów
Rozkład punktacji
Procent ludzi z każdym wynikiem
Percentyl według liczby udzielonych odpowiedzi
Twoja historia wyników
Nie rozwiązałeś tego quizu